[Event "AUTO-OPEN-2684"]
[Site "http://www.queenalice.com/game.php?id=1059088"]
[Date "2012.5.13"]
[Round "1"]
[White "markus765432"]
[Black "Frost"]
[Result "1-0"]
[WhiteElo "2145"]
[BlackElo "1475"]

1. d4 d5 2. c4 dxc4 3. e3 b5 4. a4 b4 5. Bxc4 a5 6. Bxf7+ Kxf7 7. Qf3+ Nf6 8.
Qxa8 Na6 9. Nf3 Nd5 10. Ne5+ Kg8 11. Nd2 Nb6 12. Qf3 Be6 13. O-O Bd5 14. e4 Be6
15. d5 Bxd5 16. exd5 Qxd5 17. Qxd5+ Nxd5 18. Nd7 h5 19. Nc4 h4 20. Be3 Nxe3 21.
fxe3 Kh7 22. Rxf8 Rxf8 23. Nxf8+ Kg8 24. Rf1 b3 25. Ne6 Kh7 26. Ne5 Nb4 27. Rf7
Nc2 28. Rxg7+ Kh6 29. Nf7+ Kh5 30. Nf4# 1-0

[Event "AUTO-OPEN-2684"]
[Site "http://www.queenalice.com/game.php?id=1059101"]
[Date "2012.5.13"]
[Round "1"]
[White "markus765432"]
[Black "retkat"]
[Result "0-1"]
[WhiteElo "2146"]
[BlackElo "2350"]

1. d4 Nf6 2. Nf3 e6 3. c4 b6 4. g3 Bb7 5. Bg2 c5 6. O-O Be7 7. Nc3 cxd4 8. Nxd4
Bxg2 9. Kxg2 O-O 10. b3 Nc6 11. Bb2 Qc7 12. Rc1 Rfd8 13. e4 Qe5 14. Nxc6 dxc6
15. Qe2 Qg5 16. Rcd1 Bb4 17. Rd3 Rxd3 18. Qxd3 Ng4 19. Rd1 Bc5 20. Rd2 Nxf2 21.
Rxf2 Bxf2 0-1

[Event "AUTO-OPEN-2684"]
[Site "http://www.queenalice.com/game.php?id=1059102"]
[Date "2012.5.13"]
[Round "1"]
[White "retkat"]
[Black "markus765432"]
[Result "1-0"]
[WhiteElo "2326"]
[BlackElo "2152"]

1. d4 Nf6 2. c4 g6 3. Nc3 d5 4. Nf3 Bg7 5. Bf4 c6 6. e3 Nbd7 7. Be2 dxc4 8. Bxc4
b5 9. Bxf7+ Kxf7 10. Qb3+ e6 11. Ng5+ Ke8 12. Qxe6+ Qe7 13. Qxc6 1-0

[Event "Challenge"]
[Site "http://www.queenalice.com/game.php?id=1066095"]
[Date "2012.5.30"]
[Round "-"]
[White "Markus1234567"]
[Black "markus765432"]
[Result "0-1"]
[WhiteElo "2022"]
[BlackElo "2150"]

1. b4 e6 2. Bb2 Nf6 3. a3 d5 4. e3 b6 5. Bb5+ c6 6. Bd3 Bd6 7. f4 Nbd7 8. Nf3
Qc7 9. O-O O-O 10. Ng5 e5 11. e4 h6 12. Nh3 dxe4 13. Bc4 exf4 14. Qe1 Ne5 15.
Bb3 Bxh3 16. gxh3 Rae8 17. Kg2 f3+ 18. Kf2 Neg4+ 19. hxg4 Nxg4+ 20. Kg1 Bxh2+
21. Kh1 Bg3 22. Qd1 Be1 23. Qxe1 Qh2# 0-1

[Event "AUTO-OPEN-2654"]
[Site "http://www.queenalice.com/game.php?id=1085812"]
[Date "2012.7.23"]
[Round "2"]
[White "jalhallib"]
[Black "markus765432"]
[Result "1/2-1/2"]
[WhiteElo "1958"]
[BlackElo "2142"]

1. e4 c6 2. Nf3 d5 3. e5 Bg4 4. h3 Bxf3 5. Qxf3 e6 6. d4 Nd7 7. c4 dxc4 8. Bxc4
Nb6 9. Bb3 Qxd4 10. O-O Qxe5 11. Nc3 Qc7 12. Bf4 Bd6 13. Bxd6 Qxd6 14. Rad1 Qe7
15. Ne4 Nd5 16. Bxd5 cxd5 17. Nc3 Nf6 18. Rfe1 O-O 19. Nxd5 Nxd5 20. Rxd5 Rfd8
21. Rxd8+ Rxd8 22. Rd1 Rd7 23. Rxd7 Qxd7 24. b3 f5 25. a4 Kf7 26. Qh5+ Kg8 27.
a5 Qb5 28. b4 Qd7 29. Qe2 a6 1/2-1/2

[Event "AUTO-OPEN-2654"]
[Site "http://www.queenalice.com/game.php?id=1085813"]
[Date "2012.7.23"]
[Round "2"]
[White "markus765432"]
[Black "jalhallib"]
[Result "1-0"]
[WhiteElo "2135"]
[BlackElo "1974"]

1. d4 d5 2. c4 e6 3. Nc3 Bb4 4. Nf3 Bxc3+ 5. bxc3 h6 6. e3 Nf6 7. Ba3 c6 8. Bd3
dxc4 9. Bxc4 Nd5 10. Qb3 Nd7 11. O-O N7b6 12. Bd3 Ne7 13. Rad1 O-O 14. Bb1 Re8
15. Qc2 Nc4 16. Qh7+ Kf8 17. Qh8# 1-0

[Event "AUTO-OPEN-2654"]
[Site "http://www.queenalice.com/game.php?id=1085818"]
[Date "2012.7.23"]
[Round "2"]
[White "markus765432"]
[Black "BobGomes"]
[Result "1-0"]
[WhiteElo "2136"]
[BlackElo "2034"]

1. d4 d5 2. c4 dxc4 3. Nf3 b5 4. a4 c6 5. e3 Bb7 6. b3 a5 7. bxc4 b4 8. Bb2 Nf6
9. Bd3 e6 10. Nbd2 c5 11. Nb3 cxd4 12. exd4 Be7 13. O-O Be4 14. Re1 Bxd3 15.
Qxd3 O-O 16. Ne5 Qc7 17. Re3 Nbd7 18. f4 Rfd8 19. Qe2 Nf8 20. Nd2 Rac8 21. Rc1
h6 22. Rg3 N8h7 23. Re1 Nd7 24. Nxf7 Kxf7 25. Qxe6+ 1-0

[Event "AUTO-OPEN-2654"]
[Site "http://www.queenalice.com/game.php?id=1085819"]
[Date "2012.7.23"]
[Round "2"]
[White "BobGomes"]
[Black "markus765432"]
[Result "0-1"]
[WhiteElo "2044"]
[BlackElo "2145"]

1. e4 c6 2. d4 d5 3. e5 Bf5 4. Nf3 e6 5. c3 Nd7 6. Be2 h6 7. h3 Ne7 8. Nbd2 a6
9. Nf1 b5 10. Ng3 Bh7 11. O-O c5 12. Re1 Nc6 13. Be3 Be7 14. Bd3 Bxd3 15. Qxd3
Qb6 16. dxc5 Bxc5 17. Bxc5 Nxc5 18. Qe3 Nd7 19. Qxb6 Nxb6 20. b3 Ke7 21. Nd4
Rac8 22. Rac1 Rc7 23. Nxc6+ Rxc6 24. a3 Rhc8 25. Ne2 Nd7 26. f4 Nc5 27. Nd4 R6c7
28. Re3 Ne4 29. Ne2 Kd7 30. Kf1 Nd2+ 31. Kf2 Nxb3 32. Rc2 Nc5 33. Kf3 Ne4 34. h4
Rc4 35. Rc1 Ra4 36. Ra1 Nd2+ 37. Kf2 Nc4 38. Rg3 Rg8 39. Nd4 Rxa3 40. Rxa3 Nxa3
41. Ke2 Nc4 42. Nb3 Kc6 43. Kd3 a5 44. Rh3 a4 45. Nd4+ Kb6 46. Rh1 Kc5 47. Rb1
Rb8 48. Nc2 Ra8 49. Nb4 Na5 50. g3 Nb3 51. Na2 Rd8 52. Kc2 d4 53. Rd1 Kc4 54.
cxd4 Rxd4 55. Rxd4+ Nxd4+ 56. Kd2 b4 57. Nc1 b3 58. Nd3 a3 0-1

[Event "AUTO-OPEN-2834"]
[Site "http://www.queenalice.com/game.php?id=1118745"]
[Date "2012.11.3"]
[Round "1"]
[White "Enrico"]
[Black "markus765432"]
[Result "0-1"]
[WhiteElo "1841"]
[BlackElo "2136"]

1. e4 c6 2. Nc3 d5 3. exd5 cxd5 4. d4 Nc6 5. Bb5 Bf5 6. Qf3 e6 7. Nge2 Bxc2 8.
Bxc6+ bxc6 9. b3 Bd6 10. h3 Qf6 11. Qxf6 Nxf6 12. f3 O-O 13. g4 Bd3 14. Nf4 Ba6
15. a3 c5 16. dxc5 Bxc5 17. Bb2 Rac8 18. b4 Bd4 19. Rc1 Rc4 20. Nfe2 Be3 21. Rd1
d4 22. Nb1 Rc2 23. Nxd4 Rxb2 24. b5 Bxb5 25. Nxb5 Rxb5 26. Ke2 Bb6 27. Rhe1 Nd5
28. a4 Rb2+ 29. Kf1 Ne3+ 30. Rxe3 Bxe3 31. Nc3 Rh2 32. Re1 Bd2 0-1

[Event "AUTO-OPEN-2834"]
[Site "http://www.queenalice.com/game.php?id=1118746"]
[Date "2012.11.3"]
[Round "1"]
[White "markus765432"]
[Black "Enrico"]
[Result "1-0"]
[WhiteElo "2135"]
[BlackElo "1890"]

1. d4 d5 2. c4 c6 3. e3 Bf5 4. Nf3 h6 5. Bd3 Bxd3 6. Qxd3 Nf6 7. Nc3 e6 8. Ne5
Nbd7 9. f4 Nxe5 10. fxe5 Nd7 11. O-O Be7 12. Bd2 a6 13. Rf3 O-O 14. Raf1 Bg5 15.
Rg3 f5 16. exf6 Rxf6 17. Rxf6 Nxf6 18. Qg6 Qe8 19. Qxe8+ Nxe8 20. b3 Nf6 21. Rf3
Rf8 22. Kf1 h5 23. Ke2 Ng4 24. Rxf8+ Kxf8 25. h3 Nf6 26. Kf3 g6 27. Bc1 Kf7 28.
Ba3 dxc4 29. bxc4 Ke8 30. e4 Kd7 31. e5 Ne8 32. Ne4 Be7 33. Bxe7 Kxe7 34. c5 Kf7
35. Kf4 Kg7 36. Nd6 Nc7 37. Nxb7 Nd5+ 38. Kf3 Nc3 39. Nd8 Nxa2 40. Nxe6+ Kg8 41.
d5 cxd5 42. c6 1-0

[Event "AUTO-OPEN-2834"]
[Site "http://www.queenalice.com/game.php?id=1118759"]
[Date "2012.11.3"]
[Round "1"]
[White "kasparosaure"]
[Black "markus765432"]
[Result "1/2-1/2"]
[WhiteElo "2029"]
[BlackElo "2165"]

1. c4 f5 2. d4 Nf6 3. g3 e6 4. Bg2 Be7 5. Nc3 O-O 6. Nf3 d5 7. Bf4 c6 8. O-O Ne4
9. Ne5 Nd7 10. f3 Nxc3 11. bxc3 g5 12. Nxd7 Qxd7 13. Be5 Bf6 14. Bxf6 Rxf6 15.
cxd5 exd5 16. e4 fxe4 17. fxe4 Rxf1+ 18. Qxf1 dxe4 19. Bxe4 1/2-1/2

[Event "AUTO-OPEN-2834"]
[Site "http://www.queenalice.com/game.php?id=1118760"]
[Date "2012.11.3"]
[Round "1"]
[White "markus765432"]
[Black "kasparosaure"]
[Result "1-0"]
[WhiteElo "2156"]
[BlackElo "2043"]

1. d4 e6 2. c4 Nf6 3. Nc3 b6 4. Bg5 Be7 5. e3 Bb7 6. Nf3 O-O 7. Be2 d5 8. Ne5
Nbd7 9. O-O c5 10. Bf3 Qc7 11. Nxd7 Qxd7 12. dxc5 bxc5 13. cxd5 exd5 14. Bxf6
Bxf6 15. Nxd5 Bxd5 16. Bxd5 Rad8 17. e4 Bxb2 18. Rb1 Bd4 19. Rb7 Qa4 20. Qxa4
1-0

[Event "AUTO-OPEN-2654"]
[Site "http://www.queenalice.com/game.php?id=1124394"]
[Date "2012.11.21"]
[Round "3"]
[White "markus765432"]
[Black "carloswecker"]
[Result "1-0"]
[WhiteElo "2139"]
[BlackElo "1913"]

1. d4 d5 2. c4 c6 3. e3 Nf6 4. Nf3 Bg4 5. Nbd2 Nbd7 6. Qc2 Bxf3 7. Nxf3 e6 8.
Bd3 dxc4 9. Bxc4 Bb4+ 10. Bd2 Bxd2+ 11. Qxd2 O-O 12. O-O Nb6 13. Bb3 Rc8 14.
Rad1 Qe7 15. e4 Rfd8 16. Rfe1 h6 17. Qf4 Nbd7 18. g4 Nh7 19. h4 Ndf8 20. Re3 Ng6
21. Qg3 Qd6 22. e5 Qe7 23. Bc2 Rc7 24. g5 h5 25. Ne1 c5 26. d5 exd5 27. e6 Nhf8
28. exf7+ Qxf7 29. Nd3 d4 30. Rf3 Qe7 31. Nf4 Nxf4 32. Rxf4 Qd6 33. Bb3+ Kh8 34.
Rxf8+ 1-0

[Event "AUTO-OPEN-2654"]
[Site "http://www.queenalice.com/game.php?id=1124395"]
[Date "2012.11.21"]
[Round "3"]
[White "carloswecker"]
[Black "markus765432"]
[Result "0-1"]
[WhiteElo "1921"]
[BlackElo "2145"]

1. d4 Nf6 2. c4 b6 3. Nf3 Bb7 4. g3 e6 5. Bg2 Be7 6. O-O O-O 7. Bf4 d5 8. cxd5
Nxd5 9. Bd2 Nd7 10. Nc3 c5 11. Nxd5 Bxd5 12. dxc5 Nxc5 13. Bc3 Ne4 14. Bd4 Bf6
15. a3 Rc8 16. Rc1 Qe7 17. Qd3 Nc5 18. Bxf6 Nxd3 19. Bxe7 Nxc1 20. Bxf8 Nxe2+
21. Kh1 Kxf8 0-1

[Event "AUTO-OPEN-2654"]
[Site "http://www.queenalice.com/game.php?id=1124396"]
[Date "2012.11.21"]
[Round "3"]
[White "markus765432"]
[Black "Famelo"]
[Result "0-1"]
[WhiteElo "2161"]
[BlackElo "2021"]

1. d4 Nf6 2. Nf3 g6 3. c4 Bg7 4. Nc3 O-O 5. e4 d6 6. Be2 Nc6 7. O-O Bg4 8. h3
Bxf3 9. Bxf3 Nd7 10. a3 Nxd4 11. Be3 c5 12. Be2 Ne5 13. Bxd4 cxd4 14. Nb5 Qb6
15. Rb1 Nd7 16. a4 Nc5 17. b4 Nxe4 18. a5 Qd8 19. Nxd4 Nc3 20. Qd2 Bxd4 0-1

[Event "AUTO-OPEN-2654"]
[Site "http://www.queenalice.com/game.php?id=1124397"]
[Date "2012.11.21"]
[Round "3"]
[White "Famelo"]
[Black "markus765432"]
[Result "1-0"]
[WhiteElo "2087"]
[BlackElo "2150"]

1. f4 d5 2. Nf3 Nf6 3. e3 Bg4 4. Be2 g6 5. O-O Bg7 6. Nc3 O-O 7. Ne5 Bxe2 8.
Qxe2 c6 9. Rb1 Nbd7 10. d4 e6 11. b3 Nxe5 12. fxe5 Nd7 13. Qf3 f5 14. Ne2 Qe7
15. c4 Rf7 16. cxd5 cxd5 17. Nc3 a6 18. Rb2 Rc8 19. Rc2 Rff8 20. Nxd5 exd5 21.
Rxc8 Rxc8 22. Qxd5+ Kh8 23. Qxb7 Qe8 24. Qxa6 Bh6 25. Qe2 Rc3 26. Bd2 Rc2 27. a4
Nxe5 28. dxe5 Qxe5 29. Rf3 Qb2 30. Rf2 Qxb3 31. a5 Qb1+ 32. Rf1 Qb2 33. Rd1 Bg7
34. a6 1-0

[Event "AUTO-OPEN-2834"]
[Site "http://www.queenalice.com/game.php?id=1205041"]
[Date "2013.8.3"]
[Round "2"]
[White "essenfelder"]
[Black "markus765432"]
[Result "0-1"]
[WhiteElo "1961"]
[BlackElo "2143"]

1. e4 c6 2. Nf3 e6 3. d4 d5 4. e5 c5 5. Bb5+ Bd7 6. Bxd7+ Nxd7 7. O-O Ne7 8. Bg5
Qb6 9. b3 Nc6 10. c3 Be7 11. Be3 O-O 12. dxc5 Bxc5 13. Bxc5 Qxc5 14. Nd4 Ndxe5
15. Nxc6 bxc6 16. b4 Qb6 17. Qd4 Qxd4 18. cxd4 Nd3 19. a3 a5 20. bxa5 Rxa5 21.
Nd2 Rfa8 22. Nf3 Rxa3 23. Rxa3 Rxa3 24. Ne5 Nxe5 25. dxe5 c5 26. Rc1 h6 27. h3
c4 28. Kf1 Rd3 29. Ke2 Rd4 30. Ke3 Re4+ 31. Kf3 Rxe5 32. g4 Re4 33. Kg3 Kf8 34.
f3 Re2 35. Rc3 Ke7 36. h4 Kd6 37. f4 Kc5 38. Kf3 Re4 39. Ra3 Kd4 40. f5 c3 41.
Ra1 c2 42. Rc1 Kd3 43. fxe6 fxe6 44. g5 Kd2 0-1

[Event "AUTO-OPEN-2834"]
[Site "http://www.queenalice.com/game.php?id=1205042"]
[Date "2013.8.3"]
[Round "2"]
[White "markus765432"]
[Black "essenfelder"]
[Result "1-0"]
[WhiteElo "2140"]
[BlackElo "1985"]

1. d4 g6 2. e4 Bg7 3. Nc3 b6 4. Be3 Bb7 5. Be2 e6 6. Qd2 Ne7 7. f3 O-O 8. g4
Nec6 9. h4 f5 10. gxf5 exf5 11. Bc4+ Kh8 12. h5 gxh5 13. Qh2 h4 14. Nh3 Nxd4 15.
Qf2 c5 16. Ng5 f4 17. Qxh4 Nxf3+ 18. Nxf3 Qxh4+ 19. Rxh4 fxe3 20. Ng5 Bf6 21.
Rxh7# 1-0

[Event "AUTO-OPEN-2834"]
[Site "http://www.queenalice.com/game.php?id=1205047"]
[Date "2013.8.3"]
[Round "2"]
[White "markus765432"]
[Black "vasyl_puzanov"]
[Result "1-0"]
[WhiteElo "2150"]
[BlackElo "2118"]

1. d4 d5 2. c4 e6 3. Nc3 Nf6 4. Bg5 Be7 5. e3 O-O 6. Nf3 c5 7. Be2 cxd4 8. Nxd4
Nc6 9. O-O dxc4 10. Nxc6 bxc6 11. Bxc4 Qc7 12. Qc2 Ng4 13. Bf4 Bd6 14. Bxd6 Qxd6
15. g3 Rb8 16. Qe2 Ne5 17. Rfd1 Qe7 18. Bb3 Rb6 19. Rac1 Ba6 20. Qc2 c5 21. Na4
Rc6 22. Nxc5 Rfc8 23. Nxa6 1-0

[Event "AUTO-OPEN-2834"]
[Site "http://www.queenalice.com/game.php?id=1205048"]
[Date "2013.8.3"]
[Round "2"]
[White "vasyl_puzanov"]
[Black "markus765432"]
[Result "1/2-1/2"]
[WhiteElo "2030"]
[BlackElo "2147"]

1. e4 c6 2. d4 d5 3. exd5 cxd5 4. Nf3 Nc6 5. Bb5 e6 6. Bxc6+ bxc6 7. O-O Nf6 8.
Bg5 Be7 9. Nbd2 Qb6 10. Nb3 Ba6 11. Re1 O-O 12. Be3 Rab8 13. Bg5 h6 14. Bxf6
Bxf6 15. Nc5 Rfd8 16. Ne5 Bc8 17. b3 Be7 18. Ned3 Ba6 1/2-1/2